000 00502nam a2200169Ia 4500
003 GCL
008 140319s9999 xx 000 0 ara d
040 _aGCL /
_cGCL
082 0 4 _a812.043
_bم ا
245 1 0 _aاللى بنى مصر
300 _a125 ص
490 _aاصوات ادبية
_v0
650 0 4 _aالادب العربى - العصر الحديث
650 0 4 _aالمسرحيات العربية - مصر
650 0 4 _aالمسرحيات العربية - مجموعات
942 _2ddc
_cBK
999 _c50751
_d50751